The use of epoxy, polyester and similar reactive polymers in construction: Volume 1: the materials and their practical applications. (Record no. 101061)

MARC details
000 -LEADER
fixed length control field 00735cam a2200241 4500
008 - FIXED-LENGTH DATA ELEMENTS--GENERAL INFORMATION
fixed length control field 000000n2000 000 0 eng u
020 ## - INTERNATIONAL STANDARD BOOK NUMBER
International Standard Book Number 1860175375
035 ## - SYSTEM CONTROL NUMBER
System control number (Sirsi) u110135
050 ## - LIBRARY OF CONGRESS CALL NUMBER
Classification number 620.192
100 ## - MAIN ENTRY--PERSONAL NAME
Personal name Hurley, S. A.
245 #4 - TITLE STATEMENT
Title The use of epoxy, polyester and similar reactive polymers in construction: Volume 1: the materials and their practical applications.
260 ## - PUBLICATION, DISTRIBUTION, ETC.
Place of publication, distribution, etc. London
Name of publisher, distributor, etc. CIRIA
Date of publication, distribution, etc. 2000
300 ## - PHYSICAL DESCRIPTION
Extent 217p. ; 30cm.
350 ## - PRICE (NR) (BK AM CF MU VM SE) [OBSOLETE]
Price 90.00
490 ## - SERIES STATEMENT
Series statement CIRIA Publication
Volume/sequential designation C537
650 ## - SUBJECT ADDED ENTRY--TOPICAL TERM
Topical term or geographic name entry element POLYMERS
650 ## - SUBJECT ADDED ENTRY--TOPICAL TERM
Topical term or geographic name entry element BUILT ENVIRONMENT-BUILDING MATERIALS
650 ## - SUBJECT ADDED ENTRY--TOPICAL TERM
Topical term or geographic name entry element RESINS
650 ## - SUBJECT ADDED ENTRY--TOPICAL TERM
Topical term or geographic name entry element BUILDING COMPONENTS
650 ## - SUBJECT ADDED ENTRY--TOPICAL TERM
Topical term or geographic name entry element TECHNOLOGY
690 ## - LOCAL SUBJECT ADDED ENTRY--TOPICAL TERM (OCLC, RLIN)
Topical term or geographic name as entry element BUILT ENVIRONMENT-BUILDING MATERIALS
942 ## - ADDED ENTRY ELEMENTS (KOHA)
Suppress in OPAC 0
Holdings
Withdrawn status Lost status Source of classification or shelving scheme Damaged status Not for loan Home library Current library Shelving location Date acquired Cost, normal purchase price Total Checkouts Full call number Barcode Date last seen Copy number Cost, replacement price Price effective from Koha item type
    Dewey Decimal Classification     London London Folio 04/01/2001 45.00   F620.192 HUR 30063156 06/08/2019 1 45.00 06/08/2019 Book